[Event "URS-ch otbor"]
[Site "Norilsk"]
[Date "1987.??.??"]
[Round "?"]
[White "Epishin, Vladimir"]
[Black "Savon, Vladimir A"]
[Result "1-0"]
[WhiteElo "2430"]
[BlackElo "2430"]

1.d4 Nf6 2.Nf3 e6 3.c4 b6 4.a3 Bb7 5.Nc3 d5 6.cxd5 Nxd5 7.Qc2 Nxc3 8.bxc3 Nd7
9.e4 c5 10.Bf4 cxd4 11.cxd4 Qc8 12.Qb3 Bxe4 13.Rc1 Qd8 14.Ba6 g5 15.Bxg5 Be7
16.Bf4 O-O 17.O-O Nf6 18.Ne5 Nh5 19.Qe3 Nxf4 20.Qxe4 Ng6 21.Bb7 Bxa3 22.Rc3 Bd6
23.Bxa8 Bxe5 24.dxe5 Qxa8 25.Qa4 Nxe5 26.Rg3+ Ng6 27.h4 h5 28.Rg5 Rd8 29.Rxh5 e5
30.Rg5 Rd4 31.Qb3 Kf8 32.g3 Qc6 33.h5 Ne7 34.Rxe5 Qf6 35.Rfe1 Rd2 36.Qe3 Rd7
37.h6  1-0

[Event "Pavlodar"]
[Site "Pavlodar"]
[Date "1987.??.??"]
[Round "?"]
[White "Vladimirov, Evgeny"]
[Black "Panchenko, Alexander N"]
[Result "1/2-1/2"]
[WhiteElo "2525"]
[BlackElo "2475"]

1.d4 Nf6 2.c4 e6 3.Nf3 b6 4.a3 c5 5.Nc3 cxd4 6.Nxd4 Bb7 7.Ndb5 d6 8.Bg5 a6
9.Bxf6 gxf6 10.Nd4 f5 11.e3 Bg7 12.Be2 Nc6 13.Bf3 Qd7 14.O-O O-O 15.Bxc6 Bxc6
16.Qd3 Rfd8 17.Rfd1 Rac8 18.Rac1 Bb7 19.b3 Qe7 20.Na4 Qc7 21.Nc3 Qc5 22.Na4 Qc7
23.Nc3 Qe7 24.Na4 Qc7  1/2-1/2

[Event "Pavlodar"]
[Site "Pavlodar"]
[Date "1987.??.??"]
[Round "?"]
[White "Petrosian, Arshak B"]
[Black "Mikhalchishin, Adrian"]
[Result "0-1"]
[WhiteElo "2510"]
[BlackElo "2500"]

1.d4 Nf6 2.c4 e6 3.Nf3 b6 4.a3 Bb7 5.Nc3 d5 6.cxd5 Nxd5 7.Qc2 Nxc3 8.Qxc3 h6
9.Bf4 Bd6 10.Ne5 Nd7 11.f3 Qe7 12.e4 O-O-O 13.Be3 Bxe5 14.dxe5 Qh4+ 15.Bf2 Qg5
16.Rc1 c6 17.Be3 Qxe5 18.Bd4 Qg5 19.Bxg7 Rhg8 20.Bd4 f5 21.Be3 Qh5 22.exf5 exf5
23.Bf4 Nc5 24.Kf2 Ne6 25.Qe5 Nxf4 26.Qxf4 Qg6 27.Rg1 Qf6 28.Rc2 Rd4 29.Qe3 f4
30.Qb3 Rgd8 31.g3 Rd2+ 32.Be2 Ba6 33.Re1 Qe7 34.Kf1 Bxe2+ 35.Kg1 Rxc2 36.Qxc2 Qe3+
37.Kg2 Qxf3+ 38.Kh3 Qh5+ 39.Kg2 f3+ 40.Kh1 Qd5  0-1

[Event "Pavlodar"]
[Site "Pavlodar"]
[Date "1987.??.??"]
[Round "?"]
[White "Magerramov, Elmar"]
[Black "Makarichev, Sergey"]
[Result "1-0"]
[WhiteElo "2440"]
[BlackElo "2515"]

1.d4 Nf6 2.c4 e6 3.Nf3 b6 4.a3 Bb7 5.Nc3 d5 6.cxd5 Nxd5 7.Qc2 Nxc3 8.Qxc3 Nd7
9.Bg5 Be7 10.Bxe7 Kxe7 11.g3 Nf6 12.Bg2 Qd6 13.O-O Rhc8 14.Rfd1 c5 15.Rac1 cxd4
16.Qxd4 Qxd4 17.Nxd4 Rxc1 18.Rxc1 Rc8 19.Rxc8 Bxc8 20.Nc6+ Kd6 21.f4 Bd7
22.Ne5 Be8 23.b4 Nd7 24.Nc4+ Kc7 25.Kf2 Nb8 26.Be4 h6 27.Ke3 f6 28.Bc2 Bc6
29.Kd4 Bb5 30.Bb3 Nc6+ 31.Kc3 Bxc4 32.Bxc4 Kd6 33.Bb5 Ne7 34.e4 e5 35.f5 Nc6
36.Bxc6 Kxc6 37.g4 b5 38.Kd3 Kd6 39.Ke3 Ke7 40.Kf3 Kf8 41.Kg3 Kf7 42.Kh3 Kg8
43.Kh4 Kf8 44.Kh5 Kf7 45.h3 Kf8 46.Kg6 Kg8 47.h4 Kf8 48.g5 hxg5 49.hxg5 fxg5
50.Kxg5 Kf7 51.Kg4 Ke7 52.Kh4 Kf6 53.Kh5 a6 54.Kh4  1-0

[Event "Pavlodar"]
[Site "Pavlodar"]
[Date "1987.??.??"]
[Round "?"]
[White "Kharitonov, Andrei Y"]
[Black "Ivanov, Alexander"]
[Result "1-0"]
[WhiteElo "2450"]
[BlackElo "2415"]

1.d4 Nf6 2.c4 e6 3.Nf3 b6 4.a3 Bb7 5.Nc3 d5 6.cxd5 exd5 7.g3 c5 8.Bg2 Be7
9.O-O O-O 10.Qc2 Na6 11.Rd1 Qc8 12.Bf4 Nc7 13.Rac1 Ne6 14.Bh3 Ne4 15.Nxe4 dxe4
16.Ne5 cxd4 17.Qb3 Nxf4 18.gxf4 Qd8 19.Nxf7 Bd5 20.Nxd8 Bxb3 21.Be6+ Bxe6
22.Nxe6 Rf6 23.Rc6 d3 24.exd3 exd3 25.Rxd3 Re8 26.Re3 Rg6+ 27.Kf1 Rh6 28.Kg2 Bf6
29.b4 Rg6+ 30.Rg3 Bb2 31.Rxg6 hxg6 32.a4 Bf6 33.b5 Kf7 34.Ng5+ Kg8 35.Kf3 Bxg5
36.fxg5 Re7 37.Rxg6 Rd7 38.Re6 Rd1 39.Re4 Rd3+ 40.Kg4 Kf7  1-0

[Event "Pavlodar"]
[Site "Pavlodar"]
[Date "1987.??.??"]
[Round "?"]
[White "Yermolinsky, Alex"]
[Black "Panchenko, Alexander N"]
[Result "1/2-1/2"]
[WhiteElo "2445"]
[BlackElo "2475"]

1.d4 Nf6 2.Nf3 e6 3.c4 b6 4.a3 c5 5.e3 d5 6.Nc3 Be7 7.cxd5 exd5 8.Bb5+ Bd7
9.Be2 Bc8 10.dxc5 bxc5 11.b4 O-O 12.bxc5 Bxc5 13.O-O Nc6 14.Qc2 Ne7 15.Nb5 Ne4
16.Ng5 Nxg5 17.Qxc5 Ne4 18.Qc7 Qxc7 19.Nxc7 Rb8 20.a4 Nc3 21.Bf3 Rb7 22.Na6 Rb6
23.Nc5 Bf5 24.Bd2 Ne4 25.Bxe4 dxe4 26.Bc3 Rc8 27.Bd4 Nc6 28.h3 h6 29.g4 Nxd4
30.exd4 Be6 31.Rfe1 Bd5 32.Nxe4 Rb4 33.Nd6 Rd8 34.Nf5  1/2-1/2

[Event "Pavlodar"]
[Site "Pavlodar"]
[Date "1987.??.??"]
[Round "?"]
[White "Anastasian, Ashot"]
[Black "Mikhalchishin, Adrian"]
[Result "1/2-1/2"]
[WhiteElo "2400"]
[BlackElo "2500"]

1.d4 Nf6 2.c4 e6 3.Nf3 b6 4.a3 Bb7 5.Nc3 d5 6.cxd5 Nxd5 7.Qc2 Nd7 8.e4 Nxc3
9.bxc3 c5 10.Bf4 cxd4 11.cxd4 Rc8 12.Qa4 a6 13.Bd3 b5 14.Qb3 Be7 15.O-O O-O
16.Bd2 e5 17.Nxe5 Nxe5 18.dxe5 Qd4 19.Rad1 Bxe4 20.Bxe4 Qxe4 21.Rfe1 Qc4
22.Qb2 Rfd8 23.Bb4 Bxb4 24.axb4 h6 25.h3 Rxd1 26.Rxd1 Qe4 27.Qa1 Rc6 28.Rd4 Qe2
29.Rd6 Rc2  1/2-1/2

[Event "Rubinstein mem"]
[Site "Polanica Zdroj"]
[Date "1987.??.??"]
[Round "?"]
[White "Stempin, Pawel"]
[Black "Greenfeld, Alon"]
[Result "1/2-1/2"]
[WhiteElo "2400"]
[BlackElo "2520"]

1.d4 Nf6 2.Nf3 e6 3.c4 b6 4.a3 Ba6 5.Qc2 Bb7 6.Nc3 c5 7.e4 cxd4 8.Nxd4 Bc5
9.Nb3 Nc6 10.Bd3 O-O 11.Nxc5 bxc5 12.O-O Ng4 13.Rd1 Nge5 14.Be3 Ba6 15.Bxc5 d6
16.Be3 Nxd3  1/2-1/2

[Event "Pucarevo zt"]
[Site "Pucarevo"]
[Date "1987.??.??"]
[Round "2"]
[White "Atalik, Suat"]
[Black "Popovic, Petar"]
[Result "0-1"]
[WhiteElo "2375"]
[BlackElo "2540"]

1.d4 Nf6 2.c4 e6 3.Nf3 b6 4.a3 Ba6 5.Qc2 Bb7 6.Nc3 c5 7.dxc5 Bxc5 8.Bg5 Be7
9.Rd1 a6 10.e4 Qc7 11.Be2 d6 12.O-O Nbd7 13.Nd4 O-O 14.f4 Rfc8 15.f5 e5 16.Nf3 b5
17.cxb5 Bxe4 18.Qc1 Bb7 19.bxa6 Bxa6 20.Bxa6 Rxa6 21.Rfe1 Rc6 22.Qd2 Rb8
23.Re2 h6 24.Bh4 Rc4 25.Kh1 Qc6 26.Be1 Rf4 27.Qc2 Rc8 28.Bg3 Rg4 29.Rc1 Qa6
30.Qd1 Nc5 31.Rec2 Rb8 32.Nd5 Nxd5 33.Qxd5 Rf8 34.Bxe5 dxe5 35.Nxe5 Rf4 36.h3 Rxf5
37.Rxc5 Bxc5 38.Qxc5 Qe2  0-1

[Event "SWE-ch"]
[Site "Stockholm"]
[Date "1987.??.??"]
[Round "?"]
[White "Cramling, Pia"]
[Black "Bator, Robert"]
[Result "1-0"]
[WhiteElo "2455"]
[BlackElo "2350"]

1.d4 Nf6 2.Nf3 e6 3.c4 b6 4.a3 Bb7 5.Nc3 d5 6.cxd5 exd5 7.g3 Be7 8.Qa4+ Nbd7
9.Ne5 c5 10.dxc5 bxc5 11.Bh3 Bd6 12.Nxd7 Nxd7 13.O-O d4 14.Nb5 Bb8 15.Bg5 Qxg5
16.Nd6+ Bxd6 17.Qxd7+ Kf8 18.Qxd6+ Qe7 19.Qxe7+ Kxe7 20.Rac1 Bc8 21.Bg2 Rb8
22.Rxc5 Rxb2 23.Rc7+ Kf6 24.Bd5 Be6 25.Bxe6 fxe6 26.Rd1 Rxe2 27.Rxd4 a5 28.Rf4+ Ke5
29.Rxg7 Kd6 30.Ra7 Re5 31.Rff7 Rc5 32.Rfd7+ Ke5 33.Rxh7 Rxh7 34.Rxh7 Kd6
35.Rh4 Kc6 36.Kg2 Rc1 37.Re4 Kd5 38.Ra4 Rc5 39.h4 Kc6 40.Rg4 Rc3 41.h5  1-0

[Event "Rilton Cup"]
[Site "Stockholm"]
[Date "1987.??.??"]
[Round "?"]
[White "Eriksson, Anders"]
[Black "Akesson, Ralf"]
[Result "0-1"]
[WhiteElo "2300"]
[BlackElo "2430"]

1.d4 Nf6 2.c4 e6 3.Nf3 b6 4.a3 Bb7 5.Nc3 d5 6.cxd5 Nxd5 7.e3 Be7 8.Bb5+ c6
9.Bd3 O-O 10.Qc2 h6 11.e4 Nxc3 12.bxc3 c5 13.O-O Qc8 14.Qe2 Ba6 15.a4 Bxd3
16.Qxd3 cxd4 17.cxd4 Nc6 18.Bd2 Rd8 19.Rac1 Qb7 20.Rc4 Rac8 21.Rfc1 Nb4 22.Bxb4 Bxb4
23.Ne5 Rxc4 24.Rxc4 Bc5 25.h3 a6 26.Qc3 Bd6 27.Nc6 Rc8 28.e5 Bf8 29.Qd3 b5
30.axb5 axb5 31.Rc2 b4 32.Na5 Qd5 33.Nb3 Ra8 34.f3 Ra3 35.Rb2 Qc6 36.Rc2 Qd5
37.Rb2 Be7 38.Qe4 Qc4 39.Qb1 Qc3 40.Kf1 Qe3 41.Qc2 Bh4 42.Qe4 Rxb3  0-1

[Event "Rilton Cup"]
[Site "Stockholm"]
[Date "1987.??.??"]
[Round "?"]
[White "Eriksson, Anders"]
[Black "Schneider, Lars Ake"]
[Result "1/2-1/2"]
[WhiteElo "2300"]
[BlackElo "2435"]

1.d4 Nf6 2.c4 e6 3.Nf3 b6 4.a3 d5 5.cxd5 exd5 6.Nc3 Be7 7.Bf4 O-O 8.e3 c5
9.Bd3 Nc6 10.Ne5 Bb7 11.O-O cxd4 12.Nxc6 Bxc6 13.exd4 Qd7 14.Qf3 Rfe8 15.Rfe1 Bd6
16.Bxd6 Qxd6 17.Qg3 Qxg3 18.hxg3 Kf8 19.f3 Rxe1+ 20.Rxe1 Rc8 21.Kf2 h6 22.Re5 Nd7
23.Re2 Nf6 24.Re5 Nd7 25.Re2  1/2-1/2

[Event "Rilton Cup"]
[Site "Stockholm"]
[Date "1987.??.??"]
[Round "?"]
[White "Gurevich, Mikhail"]
[Black "Bator, Robert"]
[Result "1-0"]
[WhiteElo "2515"]
[BlackElo "2405"]

1.d4 Nf6 2.Nf3 e6 3.c4 b6 4.a3 Bb7 5.Nc3 d5 6.cxd5 exd5 7.Bf4 Bd6 8.Bg3 Ba6
9.Qa4+ c6 10.Ne5 O-O 11.Nxc6 Nxc6 12.Qxc6 Bxg3 13.hxg3 Bc4 14.e3 Rc8 15.Qa4 b5
16.Qd1 Bxf1 17.Kxf1 Qd7 18.Qd3 Rc4 19.f3 b4 20.axb4 Rxb4 21.Nd1 g6 22.g4 h5
23.gxh5 Nxh5 24.Kg1 Qc7 25.Qd2 Rfb8 26.Qf2 Rc4 27.g4 Rc2 28.Qh4 Qg3+ 29.Qxg3 Nxg3
30.Rh3 Ne2+ 31.Kf1 Nc1 32.Rg3 Nb3 33.Rxa7 Rd2 34.Nc3 Rxb2 35.Nxd5 Nd2+ 36.Ke1 Kg7
37.Rh3 Nc4 38.Kf1 Rc2 39.Ra1 Rbb2 40.Kg1 Re2 41.e4 Red2 42.Kh1 Rxd4 43.g5 Rb8
44.Nf6 Rbd8 45.Ra7 Rd1+ 46.Kg2 Ne5 47.Re7  1-0

[Event "SWE-ch"]
[Site "Stockholm"]
[Date "1987.??.??"]
[Round "?"]
[White "Wiedenkeller, Michael"]
[Black "Wessman, Richard"]
[Result "1-0"]
[WhiteElo "2460"]
[BlackElo "2245"]

1.d4 Nf6 2.c4 e6 3.Nf3 b6 4.a3 Ba6 5.Qc2 Bb7 6.Nc3 c5 7.e4 cxd4 8.Nxd4 d6
9.Be2 Be7 10.O-O a6 11.Rd1 Qc7 12.Be3 Nbd7 13.Rac1 O-O 14.f3 Rac8 15.Qb3 Qb8
16.Kh1 Rfe8 17.Nc2 Bd8 18.Bf1 Bc7 19.Bg1 Kh8 20.Qa2 Rg8 21.b4 g5 22.Qb2 Rg6
23.Ne3 Rcg8 24.Na4 R8g7 25.c5 dxc5 26.bxc5 Be5 27.Qd2 Rh6 28.g4 bxc5 29.Nxc5 Nxc5
30.Qd8+ Rg8 31.Qxb8 Bxb8 32.Rxc5 Rhg6 33.Nc4 h5 34.gxh5 Nxh5 35.Nd6 Bxd6
36.Rxd6 Nf6 37.Bd4 Kg7 38.Rc7 Ba8 39.Rxe6 g4 40.Ree7 Rf8 41.Bc4 gxf3 42.Rxf7+ Rxf7
43.Rxf7+ Kh6 44.Rxf6 Bxe4 45.Rxg6+ Kxg6 46.Kg1 Bb7 47.Be6 Kg5 48.Be5 Kh4
49.Kf2  1-0

[Event "Tashkent"]
[Site "Tashkent"]
[Date "1987.??.??"]
[Round "?"]
[White "Rashkovsky, Nukhim N"]
[Black "Naumkin, Igor"]
[Result "1-0"]
[WhiteElo "2470"]
[BlackElo "2470"]

1.d4 Nf6 2.c4 e6 3.Nf3 b6 4.a3 Bb7 5.Nc3 d5 6.cxd5 exd5 7.Bg5 Be7 8.Qa4+ c6
9.e3 O-O 10.Bxf6 Bxf6 11.Rd1 Nd7 12.Bd3 Re8 13.O-O Nf8 14.Rfe1 Ne6 15.b4 g6
16.g3 Re7 17.Bf1 Bg7 18.Bg2 Qc7 19.Rc1 Rd8 20.Red1 Qb8 21.Qb3 h5 22.a4 Red7
23.Rc2 a6 24.a5 bxa5 25.bxa5 c5 26.Na4 c4 27.Qb4 Qc7 28.Nb6 Rd6 29.Ne5 Rb8
30.Rb2 Rdd8 31.f4 Bf8 32.Qa4 Kg7 33.Rdb1 f6 34.Nf3 Bc6 35.Qc2 Qe7 36.Nh4 Qe8
37.f5 g5 38.fxe6 gxh4 39.Bh3 hxg3 40.Bf5 Bd6 41.Kh1 h4 42.Qe2 Kh6 43.e4 dxe4
44.d5 Bb5 45.Qe3+ Kg7 46.Qe2 Qh8 47.Qg4+ Kf8 48.Nd7+ Bxd7 49.Rxb8 Bxb8 50.exd7 Qh6
51.Bxe4 Qf4 52.Qxf4 Bxf4 53.hxg3 hxg3 54.Bf5 Ke7 55.Kg2 c3 56.Kf3 Be5 57.Rb6 Bd6
58.Rxa6 Rg8 59.Kg2 Rh8 60.Rc6 c2 61.Rc8 c1=Q 62.Rxc1 Rh2+ 63.Kg1 Ra2  1-0

[Event "Tashkent"]
[Site "Tashkent"]
[Date "1987.??.??"]
[Round "?"]
[White "Naumkin, Igor"]
[Black "Kuzmin, Gennadi P"]
[Result "1/2-1/2"]
[WhiteElo "2470"]
[BlackElo "2470"]

1.d4 Nf6 2.c4 e6 3.Nf3 b6 4.a3 Bb7 5.Nc3 Ne4 6.Nxe4 Bxe4 7.Bf4 Be7 8.e3 O-O
9.Bd3 Bxd3 10.Qxd3 d6 11.O-O Nd7 12.Rfd1 Qc8 13.Rac1 Qb7 14.e4 a5 15.b3 Rfe8
16.d5 Bf6 17.Qc2 h6 18.Nd2 Bd4 19.Nf1 Bc5 20.Qb2 b5 21.Ng3 bxc4 22.Rxc4 Rab8
23.Rd3 Nf6 24.Bxh6 exd5 25.exd5 Qb5 26.Qc3 Re5 27.Rf4 Nxd5 28.Rxd5 Bxf2+
29.Rxf2 Qxd5 30.Qxc7 Rxb3 31.Bd2 Rxa3 32.Qc8+ Kh7 33.Bc3 Rg5 34.Qh3+ Kg6
35.Be1 Qe6 36.Qxe6+ fxe6 37.Rd2 Ra1 38.Kf2 d5 39.Re2 Kf7 40.Bc3 Ra4 41.Be5 Rgg4
42.h3 Rgc4 43.Kg1 Rc1+ 44.Kh2 Rac4 45.Rf2+ Kg6 46.Re2 R1c2 47.Re3 Kf7 48.Rf3+ Kg6
49.Re3 a4 50.Ne2 Kf7 51.Nd4 R2c3 52.Re2 Rd3 53.Nb5 Kg8 54.Nd6 Rc6 55.Ne8 d4
56.Rf2 Rc5 57.Bxg7 Rf5 58.Ra2 a3 59.Bh6 e5 60.Bc1 e4 61.Nd6 Re5 62.Bxa3  1/2-1/2

[Event "Tashkent"]
[Site "Tashkent"]
[Date "1987.??.??"]
[Round "?"]
[White "Epishin, Vladimir"]
[Black "Zagrebelny, Sergey"]
[Result "1-0"]
[WhiteElo "2430"]
[BlackElo "2270"]

1.d4 Nf6 2.c4 e6 3.Nf3 b6 4.a3 d5 5.cxd5 exd5 6.Nc3 Be7 7.Qa4+ c6 8.g3 O-O
9.Bg2 Bf5 10.O-O Ne4 11.Nxe4 Bxe4 12.Bf4 c5 13.dxc5 bxc5 14.Rfd1 Qb6 15.Ne5 Bxg2
16.Kxg2 Qe6 17.Nf3 Nd7 18.Rac1 Nb6 19.Qa6 Nc4 20.Qb7 Rad8 21.Rc2 Rd7 22.Qb3 Rfd8
23.Qd3 a5 24.a4 h6 25.Bc1 Nb6 26.Bd2 c4 27.Qe3 Qg6 28.Rdc1 d4 29.Qf4 Nd5
30.Qxd4 Nb4 31.Qxc4 Nxc2 32.Rxc2 Rd5 33.Be3 Bb4 34.Qb3 Qe4 35.Rc4 Qe6 36.Qc2 Rd1
37.Bd4 Ra1 38.b3 Ra3 39.e4 Re8 40.Be3 Ra1 41.Bd4 Ra3 42.Bb2 Ra2 43.Qb1 Rxa4
44.Nd4 Qa6 45.Rc6 Qb7 46.bxa4 Ba3 47.Qc2 Qxb2 48.Rc8 Rxc8 49.Qxc8+ Kh7 50.Qf5+ Kg8
51.Qd5 Qb4 52.Nc6 Qxa4 53.Nxa5 Qc2 54.Nc4 Bb4 55.Ne5 Qc7 56.Qa8+ Kh7 57.Qe8 Qc5
58.h4 Qd4 59.Nxf7 Be1 60.Kh3 Bxf2 61.h5 g6 62.Ne5 gxh5  1-0

[Event "Nordic-ch"]
[Site "Torshavn"]
[Date "1987.??.??"]
[Round "?"]
[White "Maki, Veijo"]
[Black "Valkesalmi, Kimmo"]
[Result "1/2-1/2"]
[WhiteElo "2340"]
[BlackElo "2405"]

1.d4 Nf6 2.c4 e6 3.Nf3 b6 4.a3 Ba6 5.Qc2 Bb7 6.Nc3 c5 7.e4 cxd4 8.Nxd4 d6
9.Bg5 Nbd7 10.Rd1 a6 11.f4 Qc7 12.f5 exf5 13.Nxf5 g6 14.Ne3 Bg7 15.Bf4 Ne5
16.Be2 O-O 17.O-O Rac8 18.Bg5 Ned7 19.Bf4 Ne5 20.Bg5 Ned7 21.Bf4 Ne5  1/2-1/2

[Event "Uzhgorod"]
[Site "Uzhgorod"]
[Date "1987.??.??"]
[Round "?"]
[White "Novikov, Igor A"]
[Black "Rozentalis, Eduardas"]
[Result "0-1"]
[WhiteElo "2480"]
[BlackElo "2455"]

1.d4 Nf6 2.Nf3 e6 3.c4 b6 4.a3 Bb7 5.Nc3 d5 6.cxd5 exd5 7.g3 Be7 8.Qa4+ c6
9.Bh3 O-O 10.O-O c5 11.Rd1 c4 12.Ne5 a6 13.Qc2 Nc6 14.Bg5 b5 15.e3 Qd6 16.Bf4 Qd8
17.Bg2 Na5 18.Bg5 Nb3 19.Rab1 Qd6 20.f4 Rfd8 21.Bxf6 Qxf6 22.Bf3 Qe6 23.Bh5 g6
24.f5 Qd6 25.fxg6 fxg6 26.Rf1 Rf8 27.Bf3 Rad8 28.Rbe1 Bf6 29.Ng4 Bg7 30.Bg2 Bc6
31.Rf4 a5 32.Ref1 b4 33.axb4 axb4 34.Ne2 Bd7 35.Nf2 g5 36.Rxf8+ Rxf8 37.Qd1 Re8
38.e4 dxe4 39.Nxe4 Qg6 40.Nc5 Nxc5 41.dxc5 Qd3 42.Qxd3  0-1

[Event "Uzhgorod"]
[Site "Uzhgorod"]
[Date "1987.??.??"]
[Round "?"]
[White "Kanstler, Boris"]
[Black "Rozentalis, Eduardas"]
[Result "1/2-1/2"]
[WhiteElo "2405"]
[BlackElo "2455"]

1.d4 Nf6 2.c4 e6 3.Nf3 b6 4.a3 Bb7 5.Nc3 d5 6.cxd5 exd5 7.Bf4 Bd6 8.Bg3 O-O
9.e3 c5 10.Be2 Na6 11.O-O Nc7 12.dxc5 bxc5 13.Qa4 Bxg3 14.hxg3 Ne6 15.Rfd1 Qb6
16.Qb5 Rfd8  1/2-1/2

[Event "Uzhgorod"]
[Site "Uzhgorod"]
[Date "1987.??.??"]
[Round "?"]
[White "Epishin, Vladimir"]
[Black "Rozentalis, Eduardas"]
[Result "0-1"]
[WhiteElo "2400"]
[BlackElo "2455"]

1.d4 Nf6 2.c4 e6 3.Nf3 b6 4.a3 Bb7 5.Nc3 d5 6.cxd5 exd5 7.Bg5 Be7 8.Qa4+ c6
9.e3 O-O 10.Bd3 Nbd7 11.O-O c5 12.Ba6 Qc8 13.Bb5 Bd6 14.dxc5 bxc5 15.Qd1 Bc6
16.Rc1 Bxb5 17.Nxb5 Qa6 18.Nxd6 Qxd6 19.Qa4 a5 20.Rfd1 Qb6 21.Rd2 Rfe8 22.Qc2 Rac8
23.h3 h6 24.Bxf6 Nxf6 25.Rcd1 Rb8 26.Qf5 Qe6 27.Qf4 Rb5 28.Rc2 Qb6 29.Rdd2 Rb8
30.Qf5 Qe6 31.Qe5 a4 32.Qc7 Ne4 33.Re2 R8b7 34.Qe5 Nd6 35.Qc3 f6 36.Qe1 Nc4
37.Qc1 f5 38.Kh2 Kh7 39.g3 R7b6 40.h4 Qc6 41.Ne1 Qe6 42.Rc3 Qe4 43.f3 Qe5
44.Nd3 Qd6 45.e4 fxe4 46.fxe4 dxe4 47.Rxe4 Nxb2 48.Nxc5 Nd1 49.Rc2 Rxc5 50.Rxc5 Qd3
51.Qf4 Rb2+ 52.Kg1 Rf2  0-1

[Event "Vrnjacka Banja"]
[Site "Vrnjacka Banja"]
[Date "1987.??.??"]
[Round "10"]
[White "Ristic, Nebojsa"]
[Black "Miralles, Gilles"]
[Result "1-0"]
[WhiteElo "2315"]
[BlackElo "2450"]

1.d4 Nf6 2.c4 e6 3.Nf3 b6 4.a3 c5 5.d5 Ba6 6.e3 exd5 7.cxd5 Bxf1 8.Kxf1 g6
9.Nc3 Bg7 10.e4 O-O 11.e5 Ng4 12.Bg5 Qc8 13.Be7 Re8 14.d6 Nc6 15.Nd5 Ngxe5
16.Nxe5 Bxe5 17.Qd2 Qa6+ 18.Kg1 Rac8 19.Re1 Bg7 20.h4 h5 21.Rh3 Kh7 22.Rf3 f5
23.Rg3 Ne5 24.Rxe5 Bxe5 25.Rxg6 Kxg6 26.Qg5+ Kh7 27.Qxh5+ Kg7 28.Qg5+ Kh8
29.Qh6+ Kg8 30.Qg6+ Kh8 31.Bf6+ Bxf6 32.Nxf6  1-0

[Event "Warsaw zt-B"]
[Site "Warsaw"]
[Date "1987.??.??"]
[Round "?"]
[White "Farago, Ivan"]
[Black "Prandstetter, Eduard"]
[Result "1-0"]
[WhiteElo "2535"]
[BlackElo "2430"]

1.d4 e6 2.c4 Nf6 3.Nf3 b6 4.a3 Bb7 5.Nc3 d5 6.cxd5 exd5 7.Qa4+ c6 8.Bg5 Be7
9.e3 O-O 10.Bd3 Nbd7 11.O-O c5 12.Rad1 Nh5 13.Bf5 Bxg5 14.Bxd7 cxd4 15.Nxd4 Bf6
16.Bc6 Rb8 17.Nxd5 Bxd4 18.Rxd4 Nf6 19.Qxa7 Nxd5 20.Bxb7 Qc7 21.Rxd5 Rxb7
22.Qa4  1-0

[Event "OHRA"]
[Site "Amsterdam"]
[Date "1988.??.??"]
[Round "?"]
[White "Hort, Vlastimil"]
[Black "Ljubojevic, Ljubomir"]
[Result "1/2-1/2"]
[WhiteElo "2595"]
[BlackElo "2590"]

1.d4 Nf6 2.c4 e6 3.Nf3 b6 4.a3 Ba6 5.e3 c5 6.Nc3 Be7 7.Be2 cxd4 8.Nxd4 Bb7
9.Bf3 Nc6 10.b3 O-O 11.Nxc6 Bxc6 12.Bb2 Qc7 13.Rc1 Qb7 14.Bxc6 dxc6 15.O-O Rfd8
16.Qe2 Bd6 17.Rfd1 Qe7 18.a4 Be5 19.h3 Nd7 20.Qc2 Nc5 21.Ba3 Bd6 22.Bxc5  1/2-1/2

[Event "Baden-Baden"]
[Site "Baden-Baden"]
[Date "1988.??.??"]
[Round "?"]
[White "Fahnenschmidt, Gerhard"]
[Black "Rajkovic, Dusan"]
[Result "1/2-1/2"]
[WhiteElo "2380"]
[BlackElo "2495"]

1.d4 Nf6 2.c4 e6 3.Nf3 b6 4.a3 Ba6 5.Qc2 Bb7 6.Nc3 c5 7.e4 cxd4 8.Nxd4 d6
9.Be2 Be7 10.O-O O-O 11.Be3 Nbd7 12.Rfd1 a6 13.f3 Qc7 14.Rac1 Rac8 15.Bf1 Rfe8
16.Qf2 Qb8 17.b4 Bd8 18.Nb3 Bc7 19.Kh1 d5 20.cxd5 Bxh2 21.dxe6 Rxe6 22.Ne2 Rxc1
23.Bxc1 Be5 24.Nbd4 Rd6 25.Re1 g6 26.Bb2 Qf8 27.Qh4 Nh5 28.g4 Ng3+ 29.Nxg3 Bxd4
30.Bxd4 Rxd4 31.Qg5 h6 32.Qf4 Qd6 33.Qxd6 Rxd6 34.Kg1 Ne5 35.Be2 Rc6 36.f4 Rc3
37.Kf2 Nd7 38.Rd1 Rc7 39.Rd6 Kf8 40.e5 Ke7 41.Ke3 Rc3+ 42.Rd3 Rxd3+ 43.Bxd3 a5
44.bxa5 bxa5 45.Kd4 Bf3 46.Be2 Bxe2 47.Nxe2 f6 48.exf6+ Nxf6 49.g5 hxg5 50.fxg5  1/2-1/2

[Event "Balatonbereny op"]
[Site "Balatonbereny"]
[Date "1988.??.??"]
[Round "2"]
[White "Wegner, Hannu"]
[Black "Mikhalchishin, Adrian"]
[Result "1/2-1/2"]
[WhiteElo "2320"]
[BlackElo "2490"]

1.d4 Nf6 2.c4 e6 3.Nf3 b6 4.a3 Ba6 5.Qc2 Bb7 6.Nc3 c5 7.e4 cxd4 8.Nxd4 Bc5
9.Nb3 Nc6 10.Bg5 h6 11.Bh4 Nd4 12.Nxd4 Bxd4 13.Bd3 Qb8 14.Bg3 Be5 15.Bxe5 Qxe5
16.g3 O-O 17.O-O-O Qc5 18.h3 d6 19.Kb1 a6 20.Rhe1 Rac8 21.f4 Rfd8 22.Qe2 e5
23.f5  1/2-1/2

[Event "URS-ch otbor56"]
[Site "Barnaul"]
[Date "1988.??.??"]
[Round "?"]
[White "Giorgadze, Giorgi"]
[Black "Aseev, Konstantin N"]
[Result "1-0"]
[WhiteElo "2410"]
[BlackElo "2445"]

1.d4 Nf6 2.c4 e6 3.Nf3 b6 4.a3 Ba6 5.Qc2 Bb7 6.Nc3 c5 7.d5 exd5 8.cxd5 Nxd5
9.Bg5 Be7 10.Nb5 O-O 11.Nd6 Ne3 12.fxe3 Bxf3 13.exf3 Bxg5 14.Qe4 Qe7 15.Qxe7 Bxe7
16.O-O-O a6 17.Bc4 b5 18.Bd5 Ra7 19.Be4 Rc7 20.Rd5 g6 21.g4 Rd8 22.Rhd1 c4
23.Kb1 Kf8 24.h4 Nc6 25.h5 Rb8 26.g5 Rb6 27.Bc2 Nd8 28.Ne4 Ne6 29.f4 Nc5
30.f5 Nxe4 31.Bxe4 Bxg5 32.fxg6 fxg6 33.Rxg5 gxh5 34.Rxh5 Re6 35.Rh4 Rc5
36.Rxd7 Rce5 37.Bd5 Re7 38.Rxe7 Kxe7 39.Re4  1-0

[Event "GMA-Open"]
[Site "Belgrade"]
[Date "1988.??.??"]
[Round "?"]
[White "Naumkin, Igor"]
[Black "Gligoric, Svetozar"]
[Result "1-0"]
[WhiteElo "2440"]
[BlackElo "2500"]

1.d4 Nf6 2.c4 e6 3.Nf3 b6 4.a3 Bb7 5.Nc3 d5 6.cxd5 exd5 7.g3 c5 8.Bg2 Be7
9.O-O O-O 10.Bf4 Nc6 11.dxc5 bxc5 12.Ne5 Nd4 13.Nc4 Qc8 14.Na5 Ba6 15.Be5 Rd8
16.Bxd4 cxd4 17.Qxd4 Bc5 18.Qa4 Rd6 19.Rac1 Qe8 20.Nb3 Bb6 21.Qf4 Rad8 22.Nd4 Ne4
23.Nf5 Re6 24.Bxe4 dxe4 25.Rcd1 e3 26.Nxe3 Rxd1 27.Nexd1 Bxe2 28.Re1 h6 29.Rxe2 Rxe2
30.Nxe2 Qxe2 31.Qa4 h5 32.Kg2 g6 33.h3 Kg7 34.Qb3 Bd4 35.Qf3 Qc2 36.b4 Qa2
37.Qd3 Qd5+ 38.Kg1 Qe5 39.Ne3 f5 40.Kg2 f4 41.Nc2 Bb6 42.g4 hxg4 43.hxg4 Qe6
44.Qf3 g5 45.Kf1 Qc4+ 46.Qe2 Qd5 47.f3 Kf6 48.a4 a5 49.bxa5 Bxa5 50.Na3 Bb6
51.Nc4 Ba7 52.Ke1 Qc5 53.Kd1 Qd5+ 54.Kc2 Bd4 55.Qd3 Qc5 56.Kb3 Qd5 57.Kc2 Qc5
58.Qb3 Bg1 59.Qc3+ Bd4 60.Qb3 Bg1 61.Qb5 Qc8 62.Qe5+ Kg6 63.Qd6+ Kf7 64.Kd3  1-0

[Event "ARG-ch"]
[Site "Buenos Aires"]
[Date "1988.??.??"]
[Round "?"]
[White "Soppe, Guillermo"]
[Black "Ricardi, Pablo"]
[Result "1-0"]
[WhiteElo "2435"]
[BlackElo "2415"]

1.d4 Nf6 2.c4 e6 3.Nf3 b6 4.a3 Ba6 5.Qc2 Bb7 6.Nc3 c5 7.dxc5 bxc5 8.Bf4 Be7
9.Rd1 O-O 10.e3 Qa5 11.Bd3 d6 12.O-O Nbd7 13.Be2 Qb6 14.Rd2 Rfd8 15.h3 Nf8
16.Rb1 a5 17.Rbd1 Ng6 18.Bg3 d5 19.cxd5 exd5 20.Ne5 Rac8 21.Na4 Qa7 22.Nxg6 hxg6
23.Bh4 Rc7 24.Nc3 Qa8 25.Bg3 Rcc8 26.Bf3 Bc6 27.Bh4 d4 28.Bxc6 Qxc6 29.exd4 cxd4
30.Rxd4 Rxd4 31.Rxd4 Bc5 32.Bxf6 gxf6 33.Rd3 Bb6 34.Qd1 Kg7 35.Qf3 Qc5 36.g3 Re8
37.Kg2 Qc4 38.Rd6 Bd8 39.Qd3 Qc5 40.Rxd8  1-0

[Event "Bytom"]
[Site "Bytom"]
[Date "1988.??.??"]
[Round "3"]
[White "Szabolcsi, Janos"]
[Black "Kazek, Krzysztof"]
[Result "1-0"]
[WhiteElo "2415"]
[BlackElo "2245"]

1.d4 Nf6 2.c4 e6 3.Nf3 b6 4.a3 Bb7 5.Nc3 d5 6.cxd5 Nxd5 7.Qc2 c5 8.e4 Nxc3
9.bxc3 Nd7 10.Bf4 Be7 11.Bd3 Rc8 12.Qe2 cxd4 13.cxd4 O-O 14.O-O Nf6 15.a4 Rc3
16.Rfc1 Rxd3 17.Qxd3 Bxe4 18.Qe3 Bxf3 19.Qxf3 Qxd4 20.Be3 Qd7 21.Qc6 Qxc6
22.Rxc6 Nd5 23.Bd4 Rd8 24.g3 h5 25.a5 Nb4 26.Rc7 Rxd4 27.Rxe7 bxa5 28.Rxa5 Rd8
29.Rxh5 Ra8 30.Rb7 Nd5 31.Rh4 a5 32.Ra4 Nc3 33.Ra3 Nd5 34.Rf3 f5 35.Rfb3 a4
36.Rb8+ Rxb8 37.Rxb8+ Kf7 38.Ra8 Nc3 39.Rc8 Ne4 40.Rc4 g5 41.Rxa4 Nd2 42.h3 e5
43.Kg2 e4 44.g4 f4 45.Rd4 e3 46.fxe3 fxe3 47.Rd3 Nc4 48.Rc3  1-0

[Event "Copenhagen AS04"]
[Site "Copenhagen"]
[Date "1988.??.??"]
[Round "?"]
[White "Eingorn, Vereslav S"]
[Black "Rozentalis, Eduardas"]
[Result "1/2-1/2"]
[WhiteElo "2560"]
[BlackElo "2490"]

1.Nf3 Nf6 2.c4 e6 3.d4 b6 4.a3 Bb7 5.Nc3 d5 6.cxd5 exd5 7.g3 Bd6 8.Bg2 O-O
9.O-O Nbd7 10.Nb5 Be7 11.Bf4 c6 12.Nc3 Nh5 13.Bd2 c5 14.Qc2 Rc8 15.Rad1 Nhf6
16.Bh3 h6 17.Qb3 c4 18.Qc2 a6 19.Ne5 b5 20.Bf4 Ra8 21.f3 Nb6 22.e4 Bd6 23.Rfe1 Qc7
24.Ng6 Bxf4 25.Nxf4 dxe4 26.fxe4 Rad8 27.Bg2 Rfe8 28.e5 Nfd5 29.Nfxd5 Bxd5
30.Be4 Qc6 31.Rf1 a5 32.Qe2 b4 33.axb4 axb4 34.Nxd5 Nxd5 35.Rc1 c3 36.Qf3 Qe6
37.Bxd5 Qxd5  1/2-1/2

[Event "Copenhagen op"]
[Site "Copenhagen"]
[Date "1988.??.??"]
[Round "?"]
[White "Hoi, Carsten"]
[Black "Levitt, Jonathan"]
[Result "1/2-1/2"]
[WhiteElo "2405"]
[BlackElo "2445"]

1.d4 e6 2.Nf3 Nf6 3.c4 b6 4.a3 Bb7 5.Nc3 d5 6.cxd5 Nxd5 7.e3 g6 8.Bb5+ c6
9.Bd3 Bg7 10.e4 Nxc3 11.bxc3 O-O 12.Bg5 Qc7 13.h4 c5 14.Qd2 Nd7 15.h5 cxd4
16.cxd4 Rac8 17.hxg6 hxg6 18.Bh6 Qc3 19.Qxc3 Rxc3 20.Kd2 Rfc8 21.Bxg7 Kxg7
22.a4 Rb3 23.Rhc1 Rb2+ 24.Ke3 Nb8 25.Rxc8 Bxc8 26.Rc1 Ba6 27.Bxa6 Nxa6 28.Rc8 Rb3+
29.Kf4 Nb4 30.Rc7 Nd3+ 31.Kg3 Ne1 32.Rxa7 Nxf3 33.gxf3 Rd3 34.Rd7 Ra3 35.Ra7  1/2-1/2